Giải pháp tạo việc làm và thu nhập cho người lao động trong các hợp tác xã ở Đồng Nai
محفوظ في:
| المؤلف الرئيسي: | |
|---|---|
| التنسيق: | كتاب |
| اللغة: | Undetermined |
| الموضوعات: | |
| الوصول للمادة أونلاين: | http://lrc.tdmu.edu.vn/opac/search/detail.asp?aID=2&ID=35585 |
| الوسوم: |
إضافة وسم
لا توجد وسوم, كن أول من يضع وسما على هذه التسجيلة!
|
| Thư viện lưu trữ: | Trung tâm Học liệu Trường Đại học Thủ Dầu Một |
|---|
| LEADER | 00688nam a2200145Ia 4500 | ||
|---|---|---|---|
| 001 | TDMU_35585 | ||
| 008 | 210410s9999 xx 000 0 und d | ||
| 082 | |a 368.4 | ||
| 100 | |a Lê, Mạnh Hùng | ||
| 245 | 0 | |a Giải pháp tạo việc làm và thu nhập cho người lao động trong các hợp tác xã ở Đồng Nai | |
| 245 | 0 | |c Lê Mạnh Hùng | |
| 300 | |a Tr.8-9 | ||
| 650 | |a Chính trị - Xã hội; Giải pháp; Việc làm; Thu nhập; Người lao động; Hợp tác xã; Đồng Nai | ||
| 856 | |u http://lrc.tdmu.edu.vn/opac/search/detail.asp?aID=2&ID=35585 | ||
| 980 | |a Trung tâm Học liệu Trường Đại học Thủ Dầu Một | ||